Music Quiz

Random Music or Lyrics Quiz

Songs by First Line II Quiz Stats

 Plays Quiz Updated Mar 15, 2016

Score 0/25 Timer 06:00
2 Plays Today
% Correct
I Will Survive [Gloria Gaynor]
96.1%
Pinball Wizard [The Who]
79.4%
Piano Man [Billy Joel]
79.2%
I Love Rock N' Roll [Joan Jett & The Blackhearts]
69.8%
Don't You Want Me [The Human League]
66.9%
All Along the Watchtower [Bob Dylan]
65.6%
Homeward Bound [Simon & Garfunkel]
62.3%
My Way [Frank Sinatra]
62.2%
Feeling Good [Nina Simone]
59.9%
That Don't Impress Me Much [Shania Twain]
57.1%
Royals [Lorde]
55.4%
Super Bass [Nicki Minaj]
53.7%
War Pigs [Black Sabbath]
53.2%
% Correct
Friends in Low Places [Garth Brooks]
51%
Sweet Caroline [Neil Diamond]
49.8%
Jesus, Take the Wheel [Carrie Underwood]
48.6%
This Love [Maroon 5]
48.3%
Raise Your Glass [Pink]
48.3%
Closer [Nine Inch Nails]
47.6%
The Middle [Jimmy Eat World]
41.7%
Shine on You Crazy Diamond [Pink Floyd]
40.7%
Run to the Hills [Iron Maiden]
31.8%
One [Metallica]
25.7%
Monkey Wrench [Foo Fighters]
24.1%
Vasoline [Stone Temple Pilots]
21.8%

You're not logged in!

Compare scores with friends on all Sporcle quizzes.
OR
Log In

Sporcle TV

Today on Sporcle TV


Watch our educational content, quiz creation guides, and fun videos on Sporcle TV.

Show Comments

Extras

Top Quizzes Today


Score Distribution

Your Account Isn't Verified!

In order to create a playlist on Sporcle, you need to verify the email address you used during registration. Go to your Sporcle Settings to finish the process.

Report this User

Report this user for behavior that violates our Community Guidelines.

Details: